[Event "Banff op"]
[Site "Banff"]
[Date "2021.11.14"]
[Round "6"]
[White "Xu, Eddie"]
[Black "MacKinnon, Keith"]
[Result "0-1"]
[WhiteElo "1904"]
[BlackElo "2153"]
[PlyCount "94"]
[EventDate "2021.11.12"]
[EventType "swiss"]
[EventRounds "6"]
[EventCountry "CAN"]
[SourceTitle "CBM 205 Extra"]
[Source "ChessBase"]
[SourceDate "2022.01.31"]
[SourceVersion "1"]
[SourceVersionDate "2022.01.31"]
[SourceQuality "1"]

1. d4 Nf6 2. c4 e6 3. Nc3 Bb4 4. f3 d5 5. a3 Bxc3+ 6. bxc3 c5 7. cxd5 Nxd5 8. dxc5 f5 9. Nh3 Qa5 10. Nf2 0-0 11. e4 Nxc3 12. Qd2 Rd8 13. Bd3 Nc6 14. 0-0 Qxc5 15. Bb2 Na4 16. Rac1 Qf8 17. Ba1 Nc5 18. Qc3 Nxd3 19. Nxd3 Nd4 20. Rfe1 f4 21. a4 b5 22. axb5 Nxb5 23. Qe5 Rxd3 24. Qxb5 Rd7 25. Qc6 Rb7 26. Red1 Kf7 27. Be5 Qe8 28. Qc3 Kg8 29. Bxf4 Bd7 30. Be5 Rc8 31. Qd4 Rxc1 32. Rxc1 Bb5 33. h4 Rd7 34. Qe3 a6 35. Rc5 Qd8 36. Qf4 Qb6 37. Qe3 Qd8 38. Bg3 Rd3 39. Qf4 h6 40. Re5 Qd4+ 41. Kh2 Rd1 42. Rxb5 axb5 43. Qg4 Qf6 44. h5 Kh7 45. f4 Rd4 46. Qf3 Qf7 47. Bf2 Rc4 0-1

[Event "Guelph Spring Pro-Am"]
[Site "Guelph"]
[Date "2019.04.14"]
[Round "4.5"]
[White "Xu, Eddie"]
[Black "Brajkovic, Nikola"]
[Result "1/2-1/2"]
[WhiteElo "2056"]
[BlackElo "2005"]
[PlyCount "94"]
[EventDate "2019.04.13"]
[EventType "swiss"]
[EventRounds "5"]
[EventCountry "CAN"]
[SourceTitle "EXT 2022"]
[Source "ChessBase"]
[SourceDate "2021.10.06"]
[SourceVersion "1"]
[SourceVersionDate "2021.10.06"]
[SourceQuality "1"]

1. e4 e5 2. Nf3 d6 3. d4 Nd7 4. Bc4 h6 5. dxe5 dxe5 6. Bxf7+ Kxf7 7. Nxe5+ Kf6 8. Qd4 Qe8 9. Nxd7+ Kg6 10. Ne5+ Kh7 11. f4 Nf6 12. Nc3 b6 13. Be3 Bc5 14. Qd3 Ba6 15. Qxa6 Bxe3 16. Qe2 Bxf4 17. Nd3 Be5 18. Nxe5 Qxe5 19. 0-0 Rhe8 20. Rae1 c6 21. Rf5 Qe6 22. Qf3 Re7 23. g4 Nd7 24. Rf1 Ne5 25. Qg3 Rae8 26. b3 Qd6 27. R1f2 Qd4 28. h3 b5 29. a3 a5 30. Kh2 b4 31. axb4 axb4 32. Ne2 Qxe4 33. Nf4 Qd4 34. Nh5 Ng6 35. R5f3 Re2 36. Nf4 Rxf2+ 37. Qxf2 Qxf2+ 38. Rxf2 Nxf4 39. Rxf4 Re2+ 40. Kg3 Rxc2 41. Rxb4 Rc3+ 42. Kg2 Kg6 43. h4 h5 44. Kh2 hxg4 45. Rxg4+ Kf6 46. b4 c5 47. bxc5 Rxc5 1/2-1/2

[Event "Guelph Spring Pro-Am"]
[Site "Guelph"]
[Date "2019.04.14"]
[Round "5.5"]
[White "Xu, Eddie"]
[Black "Gooding, Gordon"]
[Result "1-0"]
[WhiteElo "2056"]
[BlackElo "2055"]
[PlyCount "69"]
[EventDate "2019.04.13"]
[EventType "swiss"]
[EventRounds "5"]
[EventCountry "CAN"]
[SourceTitle "EXT 2022"]
[Source "ChessBase"]
[SourceDate "2021.10.06"]
[SourceVersion "1"]
[SourceVersionDate "2021.10.06"]
[SourceQuality "1"]

1. e4 d5 2. exd5 Nf6 3. d4 Bg4 4. Be2 Bxe2 5. Qxe2 Qxd5 6. Nf3 Nc6 7. c4 Qf5 8. Nc3 0-0-0 9. d5 Nb4 10. 0-0 g5 11. Nd4 Qg6 12. Be3 Nd3 13. Qc2 e5 14. Ndb5 a6 15. Na7+ Kb8 16. Qb3 Ka8 17. Nc6 Rc8 18. Qa4 Nd7 19. b4 Nb6 20. Bxb6 cxb6 21. c5 bxc5 22. b5 Nb4 23. a3 Qd6 24. axb4 cxb4 25. Ne4 Qxd5 26. Rfd1 Qe6 27. Nxg5 Qe8 28. Ne4 Be7 29. Nxe5 Bf6 30. Nxf6 Qxe5 31. Nd7 Qe6 32. Qa5 Ka7 33. Qxb4 Qc4 34. Qd2 Qc3 35. Qd6 1-0

[Event "Guelph Spring Pro-Am"]
[Site "Guelph"]
[Date "2019.04.13"]
[Round "2.5"]
[White "Loadman, Ian"]
[Black "Xu, Eddie"]
[Result "1-0"]
[WhiteElo "2095"]
[BlackElo "2056"]
[PlyCount "75"]
[EventDate "2019.04.13"]
[EventType "swiss"]
[EventRounds "5"]
[EventCountry "CAN"]
[SourceTitle "EXT 2022"]
[Source "ChessBase"]
[SourceDate "2021.10.06"]
[SourceVersion "1"]
[SourceVersionDate "2021.10.06"]
[SourceQuality "1"]

1. e4 e5 2. Nf3 Nc6 3. Nc3 Nf6 4. Bb5 Bb4 5. 0-0 0-0 6. d3 Bxc3 7. bxc3 d6 8. Bg5 h6 9. Bh4 Qe7 10. Re1 Nd8 11. d4 Ne6 12. Bf1 Nf4 13. Nd2 g5 14. Bg3 N6h5 15. Nc4 Rd8 16. f3 c6 17. Bf2 Ng7 18. a4 h5 19. Qc1 g4 20. g3 Ng6 21. fxg4 Bxg4 22. Bg2 h4 23. Qh6 h3 24. Bxh3 Bxh3 25. Qxh3 Ne6 26. Ne3 Ng5 27. Qg4 d5 28. Nf5 Qf6 29. h4 Nxe4 30. Rxe4 dxe4 31. dxe5 Qxe5 32. Bd4 Qe6 33. h5 Rd5 34. Rf1 Re8 35. Nh6+ Kh7 36. Rxf7+ Kxh6 37. Be3+ Rg5 38. Qxg5# 1-0

[Event "Mississauga Spring op"]
[Site "Mississauga"]
[Date "2019.03.23"]
[Round "1.9"]
[White "Surya, Benito"]
[Black "Xu, Eddie"]
[Result "1/2-1/2"]
[WhiteElo "2113"]
[BlackElo "2016"]
[PlyCount "123"]
[EventDate "2019.03.23"]
[EventType "swiss"]
[EventRounds "5"]
[EventCountry "CAN"]
[SourceTitle "EXT 2022"]
[Source "ChessBase"]
[SourceDate "2021.10.06"]
[SourceVersion "1"]
[SourceVersionDate "2021.10.06"]
[SourceQuality "1"]

1. e4 e5 2. Nf3 Nc6 3. Bb5 a6 4. Bxc6 dxc6 5. Nc3 Bd6 6. d4 f6 7. dxe5 Bxe5 8. Qxd8+ Kxd8 9. Nxe5 fxe5 10. Bg5+ Nf6 11. 0-0-0+ Ke8 12. f3 Be6 13. h3 h6 14. Bh4 Nh5 15. g4 Nf4 16. Bg3 g5 17. Bxf4 gxf4 18. Na4 b6 19. b3 Kf7 20. Nb2 Kf6 21. Nd3 c5 22. c4 Rad8 23. h4 Bf7 24. Kc2 a5 25. Rdg1 Rdg8 26. g5+ Ke6 27. gxh6 Rxg1 28. Rxg1 Rxh6 29. Rg5 Rh5 30. Kd1 Kf6 31. Ke2 Bg6 32. Kf1 Rxh4 33. Rxe5 c6 34. Kg2 Rh7 35. Nxf4 Kxe5 36. Nxg6+ Kd4 37. Nf4 Kc3 38. e5 Kb2 39. Nd5 Kxa2 40. Nxb6 Kxb3 41. f4 a4 42. Nxa4 Kxa4 43. e6 Re7 44. f5 Kb4 45. Kf3 Kxc4 46. Ke4 Kb3 47. Ke5 c4 48. f6 Rxe6+ 49. Kxe6 c3 50. f7 c2 51. f8Q c1Q 52. Qb8+ Kc4 53. Qb6 c5 54. Qa6+ Kc3 55. Qa5+ Kd4 56. Qd8+ Kc4 57. Qd5+ Kb4 58. Qb7+ Kc3 59. Qf3+ Kb2 60. Qe2+ Kc3 61. Qf3+ Kd4 62. Qd5+ 1/2-1/2